[Event "FICS rated blitz game"]
[Site "FICS freechess.org"]
[Date "2018.01.07"]
[Round "?"]
[White "mougly"]
[Black "BobbyFichas"]
[Result "0-1"]
[WhiteElo "1375"]
[BlackElo "1421"]
[PlyCount "49"]
[EventDate "2018.??.??"]
[EventType "blitz"]

1. e4 e5 2. Nf3 Nc6 3. c3 f6 4. d4 exd4 5. cxd4 d5 6. e5 Kf7 7. Nc3 Nh6 8. Bxh6
gxh6 9. b3 Bb4 10. Rc1 fxe5 11. Nxe5+ Nxe5 12. dxe5 d4 13. Qh5+ Kg7 14. Bc4 Qe8
15. Qf3 Rf8 16. Qg3+ Qg6 17. Qxg6+ hxg6 18. O-O Bxc3 19. e6 Re8 20. f4 Bxe6 21.
Bxe6 Rxe6 22. f5 Re2 23. f6+ Kf7 24. g3 Rxa2 25. Rc2 {White resigns} 0-1

[Event "FICS rated blitz game"]
[Site "FICS freechess.org"]
[Date "2018.01.07"]
[Round "?"]
[White "BiH"]
[Black "gargiulo"]
[Result "0-1"]
[WhiteElo "1669"]
[BlackElo "1614"]
[PlyCount "90"]
[EventDate "2018.??.??"]
[EventType "blitz"]

1. e4 e5 2. Nf3 Nc6 3. c3 Nf6 4. d4 exd4 5. e5 Nd5 6. cxd4 d6 7. Bc4 Be6 8. Ng5
dxe5 9. Nxe6 fxe6 10. dxe5 Bb4+ 11. Kf1 O-O 12. Qg4 Qe7 13. a3 Bc5 14. f4 Be3
15. Bxd5 Rxf4+ 16. Qxf4 Bxf4 17. Bxf4 exd5 18. Nc3 Rf8 19. g3 Qxe5 20. Re1 Qd4
21. Ne2 Qxb2 22. Kg2 Re8 23. Kf3 Nd4+ 24. Nxd4 Rxe1 25. Rxe1 Qxd4 26. Be5 Qd3+
27. Re3 Qf5+ 28. Kg2 c5 29. Bf4 d4 30. Re5 Qc2+ 31. Kh3 d3 32. Rd5 c4 33. Rd7
d2 34. Rxd2 Qe4 35. Rf2 b5 36. Bd6 h6 37. Bb4 Qe6+ 38. Kg2 Qb6 39. Rf8+ Kh7 40.
Rf7 a5 41. Bf8 Qc6+ 42. Kg1 Kg8 43. Rf2 b4 44. axb4 axb4 45. Bxb4 c3 0-1

[Event "FICS rated lightning game"]
[Site "FICS freechess.org"]
[Date "2018.01.07"]
[Round "?"]
[White "karthikg"]
[Black "moshessin"]
[Result "1-0"]
[WhiteElo "1850"]
[BlackElo "1837"]
[PlyCount "109"]
[EventDate "2018.??.??"]

1. e4 e5 2. Nf3 Nc6 3. c3 Nf6 4. d4 exd4 5. cxd4 d6 6. Bd3 Be7 7. O-O O-O 8.
Nc3 Bg4 9. Be2 a6 10. Be3 Bd7 11. Qd2 Ng4 12. Rfe1 Nxe3 13. Qxe3 Nb8 14. Bd3
Bf6 15. Rad1 g6 16. Bb1 Bg7 17. e5 dxe5 18. dxe5 Qe7 19. h4 Bc6 20. Nd5 Bxd5
21. Rxd5 Nd7 22. Red1 Nb6 23. R5d4 Rad8 24. a3 Rxd4 25. Qxd4 Re8 26. Ba2 c5 27.
Qe4 Nc8 28. Ng5 h6 29. Nxf7 b5 30. Qxg6 c4 31. Nxh6+ Kh8 32. Nf7+ Kg8 33. e6
Qxe6 34. Qxe6 Rxe6 35. Ng5 Rf6 36. Rd8+ Rf8 37. Rd7 Nb6 38. b3 Nxd7 39. bxc4
bxc4 40. Bxc4+ Kh8 41. Bxa6 Nb6 42. Bb5 Bf6 43. a4 Bxg5 44. hxg5 Nd5 45. f4 Rb8
46. g3 Nc3 47. Kg2 Nxb5 48. Kh3 Nd4 49. Kg4 Ra8 50. Kh5 Rxa4 51. g4 Nc2 52. f5
Ra6 53. g6 Rb6 54. g5 Rb7 55. Kh6 1-0

[Event "FICS rated standard game"]
[Site "FICS freechess.org"]
[Date "2018.01.07"]
[Round "?"]
[White "piaanist"]
[Black "vaspan"]
[Result "1-0"]
[WhiteElo "1352"]
[BlackElo "1703"]
[PlyCount "111"]
[EventDate "2018.??.??"]

1. e4 e5 2. Nf3 Nc6 3. c3 Bc5 4. Be2 Nf6 5. O-O Be7 6. b3 h5 7. d3 g5 8. Nxg5
Nh7 9. Nxf7 Kxf7 10. Bxh5+ Kf8 11. f4 Nf6 12. fxe5 Nxe5 13. d4 Nf7 14. Bxf7
Kxf7 15. e5 Rh6 16. exf6 Rxf6 17. Rxf6+ Bxf6 18. Qh5+ Kg8 19. Qg6+ Kf8 20. Bh6+
Ke7 21. Nd2 d6 22. Ne4 Ke6 23. d5+ Ke5 24. Re1 Kxd5 25. Nxf6+ Kc6 26. Qe4+ Kb6
27. Nd5+ Ka6 28. a4 b5 29. axb5+ Kb7 30. Qc4 Bd7 31. Re7 Rc8 32. Re1 c6 33.
bxc6+ Rxc6 34. Qb4+ Ka8 35. Be3 Rc5 36. Bxc5 dxc5 37. Qxc5 Bc8 38. Qc6+ Bb7 39.
Nc7+ Kb8 40. Re8 Bxc6 41. Rxd8+ Kxc7 42. Rd3 Be4 43. Rd4 Bc2 44. b4 a6 45. h4
Kc6 46. h5 Kb5 47. h6 a5 48. bxa5 Kxa5 49. g4 Kb5 50. g5 Kc5 51. Rf4 Kd5 52.
Rf7 Bg6 53. Rg7 Bf5 54. h7 Bxh7 55. Rxh7 Ke6 56. c4 1-0

[Event "FICS rated blitz game"]
[Site "FICS freechess.org"]
[Date "2018.01.07"]
[Round "?"]
[White "kiknit"]
[Black "mumbaII"]
[Result "0-1"]
[WhiteElo "1422"]
[BlackElo "1329"]
[PlyCount "58"]
[EventDate "2018.??.??"]
[EventType "blitz"]

1. e4 e5 2. Nf3 Nc6 3. c3 d6 4. Bc4 Nf6 5. Ng5 d5 6. exd5 Na5 7. Bb5+ Bd7 8.
Bd3 Nxd5 9. O-O Qxg5 10. Bc2 Bh3 11. Qf3 Be6 12. d4 Qf6 13. Nd2 Qxf3 14. Nxf3
exd4 15. Nxd4 Bc5 16. Nxe6 fxe6 17. Re1 O-O 18. Rxe6 Rxf2 19. Bh6 Rxc2+ 20. Kh1
gxh6 21. Rxh6 Rxb2 22. Rd1 c6 23. Rh5 Nc4 24. a4 Nce3 25. Rc1 Rxg2 26. h4 Rf8
27. Rb1 Rff2 28. Re5 Rh2+ 29. Kg1 Rfg2# {White checkmated} 0-1

[Event "FICS rated blitz game"]
[Site "FICS freechess.org"]
[Date "2018.01.07"]
[Round "?"]
[White "ashups"]
[Black "flitzzzz"]
[Result "1-0"]
[WhiteElo "1223"]
[BlackElo "1225"]
[PlyCount "65"]
[EventDate "2018.??.??"]
[EventType "blitz"]

1. e4 e5 2. Nf3 Nc6 3. c3 Nf6 4. Bb5 d6 5. Bxc6+ bxc6 6. d4 Nd7 7. dxe5 dxe5 8.
Ng5 Bd6 9. Nxf7 Kxf7 10. Qh5+ g6 11. Qh6 Qf8 12. Qh4 Be7 13. Qg3 Kg7 14. Bg5
Bxg5 15. Qxg5 Qf6 16. Qg3 Nc5 17. O-O Nxe4 18. Qe3 Nd6 19. Nd2 Bd7 20. Ne4 Nxe4
21. Qxe4 Rab8 22. f4 Rhe8 23. fxe5 Qxe5 24. Qc4 Rb5 25. Qf7+ Kh8 26. Qxd7 Rxb2
27. Qxc6 Kg7 28. Rae1 Qxe1 29. Qf6+ Kg8 30. Qf7+ Kh8 31. h4 Qe3+ 32. Kh1 Re7
33. Qf8# {Black checkmated} 1-0

[Event "FICS rated blitz game"]
[Site "FICS freechess.org"]
[Date "2018.01.07"]
[Round "?"]
[White "BiH"]
[Black "seva"]
[Result "0-1"]
[WhiteElo "1677"]
[BlackElo "1646"]
[PlyCount "116"]
[EventDate "2018.??.??"]
[EventType "blitz"]

1. e4 e5 2. Nf3 Nc6 3. c3 Nf6 4. d4 Nxe4 5. d5 Ne7 6. c4 d6 7. Bd3 f5 8. Bxe4
fxe4 9. Ng5 Bf5 10. Qe2 Qd7 11. Nc3 O-O-O 12. Ncxe4 Bxe4 13. Qxe4 Nf5 14. Ne6
Nd4 15. Nxd8 Qxd8 16. Be3 Qf6 17. Bxd4 exd4 18. Qe8+ Qd8 19. Qxd8+ Kxd8 20.
O-O-O Be7 21. Rxd4 Bf6 22. Re4 Kd7 23. Rhe1 a6 24. f4 h6 25. g4 b5 26. cxb5
axb5 27. R1e3 Ra8 28. Kb1 Ra5 29. a3 b4 30. Rd3 bxa3 31. bxa3 Rb5+ 32. Kc1 Rb2
33. Rd2 Rb3 34. Ra2 Rc3+ 35. Kd2 Rh3 36. Ke1 Rd3 37. Ra4 Rxd5 38. Kf2 Rd3 39.
Re4 d5 40. Re3 Bd4 41. Rae2 Bxe3+ 42. Rxe3 Rd2+ 43. Kg3 Kd6 44. h4 c5 45. f5 d4
46. Re6+ Kd5 47. Rg6 c4 48. Rxg7 c3 49. Rd7+ Kc6 50. Rd8 Kc7 51. Rd5 c2 52.
Rc5+ Kd6 53. Rc8 d3 54. f6 Rd1 55. f7 Rf1 56. Kg2 Rxf7 57. Rc3 d2 58. Rd3+ Ke5
{White resigns} 0-1

[Event "FICS rated blitz game"]
[Site "FICS freechess.org"]
[Date "2018.01.07"]
[Round "?"]
[White "proximab"]
[Black "Geforce"]
[Result "0-1"]
[WhiteElo "1976"]
[BlackElo "2105"]
[PlyCount "80"]
[EventDate "2018.??.??"]
[EventType "blitz"]

1. e4 e5 2. Nf3 Nc6 3. c3 Nf6 4. d4 d6 5. d5 Ne7 6. Bd3 h6 7. O-O g5 8. Be3 Ng6
9. Bb5+ Bd7 10. Qb3 b6 11. Qc4 Be7 12. Qa4 a6 13. Bxd7+ Nxd7 14. Qc6 Kf8 15.
Nbd2 Kg7 16. h3 Nf6 17. Rad1 Nh5 18. a3 Nhf4 19. Nc4 Rg8 20. Rfe1 Kh7 21. Qb7
Qd7 22. Nxb6 Nxh3+ 23. gxh3 Qxh3 24. Qxa8 Rxa8 25. Nxa8 Qxf3 26. Nxc7 Nh4 27.
Kf1 g4 28. Nxa6 g3 29. Nb4 Bg5 30. Bb6 Bf4 31. Rd3 g2+ 32. Kg1 Qg4 33. Nc6 Nf3+
34. Rxf3 Qxf3 35. Re3 Bxe3 36. Bxe3 Qh3 37. f3 Qh1+ 38. Kf2 g1=Q+ 39. Ke2 Qd1+
40. Kf2 Qhg1# {White checkmated} 0-1

[Event "FICS rated blitz game"]
[Site "FICS freechess.org"]
[Date "2018.01.07"]
[Round "?"]
[White "Qdal"]
[Black "JustResign"]
[Result "1-0"]
[WhiteElo "1366"]
[BlackElo "1509"]
[PlyCount "27"]
[EventDate "2018.??.??"]
[EventType "blitz"]

1. e4 e5 2. Nf3 Nc6 3. c3 d6 4. d4 f6 5. Bc4 Bg4 6. Nbd2 Qe7 7. Qb3 O-O-O 8.
dxe5 fxe5 9. h3 Bh5 10. Be6+ Kb8 11. Bd5 Be8 12. Nc4 Nf6 13. Na5 Nxd5 14. Qxb7#
{Black checkmated} 1-0

[Event "FICS rated blitz game"]
[Site "FICS freechess.org"]
[Date "2018.01.07"]
[Round "?"]
[White "kiknit"]
[Black "UGAFootball"]
[Result "0-1"]
[WhiteElo "1446"]
[BlackElo "1548"]
[PlyCount "22"]
[EventDate "2018.??.??"]
[EventType "blitz"]

1. e4 e5 2. Nf3 Nc6 3. c3 Bc5 4. Bc4 d6 5. O-O Bg4 6. d4 exd4 7. cxd4 Nxd4 8.
Nbd2 Qf6 9. h3 Nxf3+ 10. gxf3 Bxh3 11. Re1 Qg5+ {White resigns} 0-1

[Event "FICS rated blitz game"]
[Site "FICS freechess.org"]
[Date "2018.01.07"]
[Round "?"]
[White "fabiuscu"]
[Black "ElFaras"]
[Result "0-1"]
[WhiteElo "1101"]
[BlackElo "1416"]
[PlyCount "74"]
[EventDate "2018.??.??"]
[EventType "blitz"]

1. e4 e5 2. Nf3 Nc6 3. c3 d5 4. d4 dxe4 5. Nxe5 Nxe5 6. dxe5 Qxd1+ 7. Kxd1 Bf5
8. f4 O-O-O+ 9. Ke2 f6 10. Be3 fxe5 11. fxe5 Nh6 12. h3 Nf7 13. Bf4 Bc5 14. g4
Be6 15. b4 Bc4+ 16. Ke1 Bxf1 17. bxc5 Bc4 18. Nd2 Bd3 19. a4 Rd5 20. e6 Nh6 21.
e7 Re8 22. Bg5 Rxg5 23. Nf3 Rd5 24. Nd4 Rxe7 25. g5 Nf5 26. Nxf5 Rxf5 27. Kd2
Ree5 28. h4 Rxc5 29. Rhc1 Rf2+ 30. Ke3 Rh2 31. a5 Rxh4 32. a6 b6 33. Kd4 Rxg5
34. Rg1 Rgh5 35. Rxg7 Rh3 36. Rg8+ Kd7 37. Ra8 c5# {White checkmated} 0-1

[Event "FICS rated blitz game"]
[Site "FICS freechess.org"]
[Date "2018.01.07"]
[Round "?"]
[White "kiknit"]
[Black "jasib"]
[Result "0-1"]
[WhiteElo "1462"]
[BlackElo "1381"]
[PlyCount "72"]
[EventDate "2018.??.??"]
[EventType "blitz"]

1. e4 e5 2. Nf3 Nc6 3. c3 a6 4. d4 exd4 5. cxd4 Bb4+ 6. Nc3 d6 7. Bc4 Bd7 8.
O-O Nf6 9. e5 dxe5 10. dxe5 Ng8 11. Ng5 Nh6 12. Qf3 O-O 13. Bd3 Bxc3 14. Bxh7+
Kh8 15. bxc3 Nxe5 16. Qh5 Bg4 17. Qh4 f6 18. Bg6 Nxg6 19. Nf7+ Rxf7 20. Qg3 Qd6
21. Qe3 Re7 22. Qd2 Qxd2 23. Bxd2 Ne5 24. h3 Bd7 25. Rae1 Bc6 26. f4 Ng6 27.
Rxe7 Nxe7 28. Re1 Nd5 29. c4 Nb6 30. Re7 Re8 31. Rxc7 Re2 32. Bc3 Rxg2+ 33. Kf1
Nxc4 34. a4 Ne3+ 35. Ke1 Bf3 36. Ba5 Re2# {White checkmated} 0-1

[Event "FICS rated blitz game"]
[Site "FICS freechess.org"]
[Date "2018.01.07"]
[Round "?"]
[White "mougly"]
[Black "raof"]
[Result "1-0"]
[WhiteElo "1375"]
[BlackElo "1232"]
[PlyCount "73"]
[EventDate "2018.??.??"]
[EventType "blitz"]

1. e4 e5 2. Nf3 Nc6 3. c3 Nf6 4. d3 Bc5 5. Be2 O-O 6. O-O h6 7. a4 a5 8. Nbd2
d6 9. Nb3 Bb6 10. Qc2 d5 11. exd5 Nxd5 12. Nfd2 Nf4 13. Nc4 Ba7 14. Bxf4 exf4
15. d4 Be6 16. Ncd2 Qd5 17. Bf3 Qd6 18. Ne4 Qd7 19. Nbd2 Ne7 20. Rad1 Ng6 21.
b3 c6 22. Nc5 Bxc5 23. dxc5 Bf5 24. Ne4 Bxe4 25. Bxe4 Qe6 26. Rfe1 Qf6 27. Rd6
Qg5 28. Bxg6 fxg6 29. Rxg6 Qxc5 30. c4 Rae8 31. Rd1 Re7 32. Qc3 Rfe8 33. h3 Qe5
34. Qf3 Re6 35. Rxe6 Qxe6 36. Qxf4 Qf6 37. Qg3 1-0

[Event "FICS rated blitz game"]
[Site "FICS freechess.org"]
[Date "2018.01.07"]
[Round "?"]
[White "morts"]
[Black "minobara"]
[Result "0-1"]
[WhiteElo "1105"]
[BlackElo "1289"]
[PlyCount "90"]
[EventDate "2018.??.??"]
[EventType "blitz"]

1. e4 e5 2. Nf3 Nc6 3. c3 Nf6 4. d3 Be7 5. g3 d5 6. Nbd2 dxe4 7. dxe4 O-O 8.
Bg2 Bg4 9. O-O Qd7 10. Qb3 Na5 11. Qc2 Rad8 12. b4 Nc6 13. b5 Nb8 14. Nxe5 Qxb5
15. Nxg4 Nxg4 16. Qd1 Ne5 17. Nf3 Rxd1 18. Rxd1 Nxf3+ 19. Bxf3 Nc6 20. Rd5 Qb6
21. Be3 Qa6 22. Rd7 Bd6 23. Re1 Ne5 24. Be2 Qxa2 25. Rxd6 cxd6 26. Bd4 Qe6 27.
f4 Nc6 28. e5 dxe5 29. fxe5 Nxd4 30. cxd4 h6 31. Bf3 b6 32. d5 Qf5 33. Kg2 Re8
34. e6 fxe6 35. dxe6 Rxe6 36. Rd1 Qc2+ 37. Kh3 Re8 38. Bd5+ Kh8 39. Rg1 Qf5+
40. Kh4 g5+ 41. Kh5 Qxd5 42. Kxh6 Re6+ 43. Kh5 g4+ 44. Kxg4 Qd4+ 45. Kh3 Qxg1 {
White resigns} 0-1

[Event "FICS rated blitz game"]
[Site "FICS freechess.org"]
[Date "2018.01.07"]
[Round "?"]
[White "Tensecterror"]
[Black "CatoX"]
[Result "1-0"]
[WhiteElo "1274"]
[BlackElo "1286"]
[PlyCount "39"]
[EventDate "2018.??.??"]
[EventType "blitz"]

1. e4 e5 2. Nf3 Nc6 3. c3 d6 4. d4 exd4 5. cxd4 a6 6. d5 Na7 7. Nc3 Bg4 8. h3
Bxf3 9. Qxf3 Nf6 10. Bd3 h6 11. O-O Qd7 12. a3 O-O-O 13. b4 Nb5 14. Nxb5 axb5
15. Bc2 Re8 16. a4 g5 17. axb5 Qxb5 18. Ra8+ Kd7 19. Qxf6 Be7 20. Qf5# {
Black checkmated} 1-0

[Event "FICS rated blitz game"]
[Site "FICS freechess.org"]
[Date "2018.01.07"]
[Round "?"]
[White "BiH"]
[Black "ddaannyy"]
[Result "1-0"]
[WhiteElo "1657"]
[BlackElo "1690"]
[PlyCount "39"]
[EventDate "2018.??.??"]
[EventType "blitz"]

1. e4 e5 2. Nf3 Nc6 3. c3 Nf6 4. d4 Nxe4 5. d5 Nb8 6. Nxe5 Bc5 7. Nd3 O-O 8.
Nxc5 Nxc5 9. Be3 Re8 10. Nd2 d6 11. b4 Ne4 12. Nxe4 Rxe4 13. Bd3 Rh4 14. O-O
Qf6 15. Qd2 h6 16. f4 Bf5 17. Be2 Nd7 18. Bf2 Qg6 19. Bxh4 Bh3 20. Bg3 {
Black resigns} 1-0

[Event "FICS rated blitz game"]
[Site "FICS freechess.org"]
[Date "2018.01.07"]
[Round "?"]
[White "lopencjo"]
[Black "steff"]
[Result "0-1"]
[WhiteElo "1888"]
[BlackElo "1663"]
[PlyCount "74"]
[EventDate "2018.??.??"]
[EventType "blitz"]

1. e4 e5 2. Nf3 Nc6 3. c3 Nf6 4. d4 Nxe4 5. d5 Nb8 6. Nxe5 Qf6 7. Nd3 c6 8. Qe2
Qe7 9. c4 d6 10. Nd2 Bf5 11. f3 Nxd2 12. Bxd2 Bxd3 13. Qxe7+ Bxe7 14. Bxd3 O-O
15. Bc3 Nd7 16. f4 Bf6 17. Kd2 Bxc3+ 18. bxc3 Nc5 19. Rhe1 Rfe8 20. a4 Nb3+ 21.
Kc2 Nxa1+ 22. Rxa1 Re3 23. Rb1 Re7 24. a5 c5 25. Kd2 Rae8 26. g3 g6 27. h4 Kg7
28. g4 f6 29. a6 b6 30. Rg1 h6 31. g5 hxg5 32. hxg5 f5 33. Rh1 Rh8 34. Rxh8
Kxh8 35. Be2 Rh7 36. Ke3 Rh1 37. Bf3 Ra1 0-1

[Event "FICS rated blitz game"]
[Site "FICS freechess.org"]
[Date "2018.01.07"]
[Round "?"]
[White "BiH"]
[Black "ddaannyy"]
[Result "1-0"]
[WhiteElo "1673"]
[BlackElo "1660"]
[PlyCount "21"]
[EventDate "2018.??.??"]
[EventType "blitz"]

1. e4 e5 2. Nf3 Nc6 3. c3 Nf6 4. d4 Nxe4 5. d5 Nb8 6. Nxe5 d6 7. Nc4 Be7 8. Bd3
Nc5 9. Bc2 O-O 10. O-O Bg5 11. Qh5 {Black resigns} 1-0

[Event "FICS rated lightning game"]
[Site "FICS freechess.org"]
[Date "2018.01.07"]
[Round "?"]
[White "karthikg"]
[Black "Invited"]
[Result "1-0"]
[WhiteElo "1872"]
[BlackElo "1696"]
[PlyCount "49"]
[EventDate "2018.??.??"]

1. e4 e5 2. Nf3 Nc6 3. c3 Nf6 4. d4 Nxe4 5. Bd3 d5 6. Kf1 exd4 7. Nxd4 Nxd4 8.
cxd4 f5 9. Nc3 c6 10. Bf4 Bd6 11. Bxd6 Qxd6 12. Qh5+ g6 13. Qh6 Be6 14. f3 Nxc3
15. bxc3 O-O-O 16. Kf2 Qa3 17. Rhc1 Qb2+ 18. Kg1 Rhe8 19. Qxh7 Qd2 20. Bf1 Bd7
21. Rab1 Re3 22. Qxg6 Rxc3 23. Rxc3 Qxd4+ 24. Kh1 Qxc3 25. Qg5 1-0

[Event "FICS rated blitz game"]
[Site "FICS freechess.org"]
[Date "2018.01.07"]
[Round "?"]
[White "mougly"]
[Black "JohnBr"]
[Result "1-0"]
[WhiteElo "1367"]
[BlackElo "1230"]
[PlyCount "103"]
[EventDate "2018.??.??"]
[EventType "blitz"]

1. e4 e5 2. Nf3 Nc6 3. c3 Bc5 4. d4 exd4 5. cxd4 Bb6 6. Nc3 d6 7. Be3 Bg4 8.
Bb5 Qd7 9. d5 a6 10. dxc6 bxc6 11. Be2 Nf6 12. Bxb6 cxb6 13. O-O O-O 14. Nd4
Be6 15. Nxe6 fxe6 16. e5 Nd5 17. Nxd5 exd5 18. exd6 Qxd6 19. Rc1 b5 20. Qb3 c5
21. Bf3 c4 22. Qd1 Rxf3 23. Qxf3 Rf8 24. Qg3 Qc5 25. Rcd1 d4 26. Rfe1 d3 27.
Re5 Qd4 28. Qe3 Qxb2 29. Re8 Qf6 30. Rxf8+ Qxf8 31. Qe6+ Kh8 32. Qxa6 h6 33.
Qxb5 Qf4 34. Qe8+ Kh7 35. Qe3 Qg4 36. Qf3 Qd7 37. Qe4+ Kh8 38. Qxc4 d2 39. Qc3
Qg4 40. Qxd2 Qh5 41. Qd8+ Kh7 42. f3 Qb5 43. Qd3+ Qxd3 44. Rxd3 Kg6 45. a4 Kf5
46. Rd4 Ke5 47. Rd8 Ke6 48. a5 Ke7 49. Rd1 Ke6 50. a6 Ke5 51. a7 Ke6 52. a8=Q
1-0

[Event "FICS rated blitz game"]
[Site "FICS freechess.org"]
[Date "2018.01.07"]
[Round "?"]
[White "kungzeb"]
[Black "MiroslavHora"]
[Result "1-0"]
[WhiteElo "1737"]
[BlackElo "1808"]
[PlyCount "37"]
[EventDate "2018.??.??"]
[EventType "blitz"]

1. e4 e5 2. Nf3 Nc6 3. c3 Bc5 4. d4 exd4 5. cxd4 Bb6 6. Bb5 Nge7 7. O-O O-O 8.
Re1 d6 9. Bg5 Bg4 10. Bxc6 bxc6 11. Nc3 Bxf3 12. gxf3 f6 13. Bh4 Ng6 14. Bg3 f5
15. f4 fxe4 16. Rxe4 d5 17. Re6 Nxf4 18. Rxc6 Qf6 19. Rxf6 {Black resigns} 1-0

[Event "FICS rated blitz game"]
[Site "FICS freechess.org"]
[Date "2018.01.07"]
[Round "?"]
[White "bakonyi"]
[Black "karenkov"]
[Result "1-0"]
[WhiteElo "1957"]
[BlackElo "1871"]
[PlyCount "69"]
[EventDate "2018.??.??"]
[EventType "blitz"]

1. e4 e5 2. Nf3 Nc6 3. c3 d6 4. d4 Be7 5. Bb5 Bg4 6. Bxc6+ bxc6 7. dxe5 Bxf3 8.
Qxf3 dxe5 9. O-O Nf6 10. Rd1 Qb8 11. b3 O-O 12. Bg5 a5 13. Bxf6 Bxf6 14. Nd2 a4
15. b4 Qb5 16. a3 Rad8 17. c4 Qb6 18. Qc3 c5 19. b5 Qe6 20. Nf1 Rd4 21. Ne3
Rxe4 22. Qc2 Rd4 23. Qxa4 e4 24. Qc2 Rfd8 25. Rac1 Bg5 26. a4 f5 27. Ra1 f4 28.
Nd5 f3 29. h3 e3 30. fxe3 Bxe3+ 31. Kh1 f2 32. Rd3 Rxd3 33. Qxd3 Rf8 34. Nxe3
Qf6 35. Rf1 1-0

[Event "FICS rated blitz game"]
[Site "FICS freechess.org"]
[Date "2018.01.07"]
[Round "?"]
[White "willyaplayme"]
[Black "lonewolfjoe"]
[Result "1-0"]
[WhiteElo "1343"]
[BlackElo "1352"]
[PlyCount "69"]
[EventDate "2018.??.??"]
[EventType "blitz"]

1. e4 e5 2. Nf3 Nc6 3. c3 Bc5 4. Qe2 b6 5. g3 a5 6. Bg2 Ba6 7. d3 Nf6 8. Nbd2
O-O 9. O-O d6 10. Rd1 Nh5 11. Nc4 Bc8 12. Kh1 Be6 13. Ne3 Qd7 14. Ng1 Nf6 15.
Qf3 h5 16. Nf5 Bxf5 17. exf5 Ng4 18. h3 e4 19. Qf4 Nxf2+ 20. Kh2 Nxd1 21. Bd2
Nxb2 22. Bxe4 Ne5 23. d4 Nbd3 24. Qg5 Ba3 25. Bxa8 Rxa8 26. Qxh5 Qc6 27. f6 Ng6
28. fxg7 Kxg7 29. Bh6+ Kf6 30. Qg5+ Ke6 31. Qg4+ Ke7 32. Bg5+ Kf8 33. Qh5 d5
34. Qh6+ Ke8 35. Qh5 1-0

[Event "FICS rated blitz game"]
[Site "FICS freechess.org"]
[Date "2018.01.07"]
[Round "?"]
[White "rsgambit"]
[Black "RealHuman"]
[Result "1/2-1/2"]
[WhiteElo "1418"]
[BlackElo "1506"]
[PlyCount "99"]
[EventDate "2018.??.??"]
[EventType "blitz"]

1. e4 e5 2. Nf3 Nc6 3. c3 Nf6 4. Qb3 d5 5. exd5 Nxd5 6. Bc4 Be6 7. Bb5 Qd6 8.
Ng5 Be7 9. Nxe6 fxe6 10. c4 Nf4 11. Qf3 Nd3+ 12. Kd1 Bf6 13. Nc3 O-O 14. Ne4
Qd4 15. Nxf6+ Rxf6 16. Qe3 Nxf2+ 17. Kc2 Qxe3 18. dxe3 Nxh1 19. Bd2 Nf2 20. Bc3
Ng4 21. h3 Nxe3+ 22. Kb3 Nd4+ 23. Kb4 Nxb5 24. cxb5 Nd5+ 25. Kc4 Nxc3 26. bxc3
Rd8 27. Kb4 b6 28. c4 Rf4 29. Rc1 Rd2 30. Kb3 Rxg2 31. h4 Rxh4 32. a4 Rg3+ 33.
Kb4 Rh2 34. Rb1 Rgg2 35. c5 Rb2+ 36. Rxb2 Rxb2+ 37. Kc4 bxc5 38. Kxc5 Ra2 39.
Kb4 e4 40. Ka5 e3 41. Kb4 e2 42. Kb3 Ra1 43. Kb4 e1=Q+ 44. Kb3 Qb1+ 45. Kc4
Rxa4+ 46. Kc5 Rb4 47. Kc6 Rxb5 48. Kxc7 Rb6 49. Kd7 e5 50. Kc7 1/2-1/2

[Event "FICS rated blitz game"]
[Site "FICS freechess.org"]
[Date "2018.01.07"]
[Round "?"]
[White "bakonyi"]
[Black "Tomalak"]
[Result "1-0"]
[WhiteElo "1962"]
[BlackElo "1851"]
[PlyCount "59"]
[EventDate "2018.??.??"]
[EventType "blitz"]

1. e4 e5 2. Nf3 Nc6 3. c3 Bc5 4. d4 exd4 5. cxd4 Bb4+ 6. Nc3 d6 7. Bb5 Nf6 8.
Bxc6+ bxc6 9. O-O Bxc3 10. bxc3 Nxe4 11. Re1 d5 12. Nd2 O-O 13. Nxe4 dxe4 14.
Rxe4 Bb7 15. Re5 Qf6 16. Qg4 c5 17. Rxc5 Rfe8 18. Be3 Qb6 19. Qg3 Qb2 20. Re1
Qxa2 21. Rxc7 Qd5 22. Rb1 Ba6 23. Bh6 g6 24. Rc5 Qa2 25. Rc1 Qb2 26. h4 Re2 27.
Re5 Qb6 28. Rxe2 Bxe2 29. Qe5 f6 30. Qxe2 {Black resigns} 1-0

[Event "FICS rated blitz game"]
[Site "FICS freechess.org"]
[Date "2018.01.07"]
[Round "?"]
[White "BiH"]
[Black "ddaannyy"]
[Result "0-1"]
[WhiteElo "1661"]
[BlackElo "1686"]
[PlyCount "40"]
[EventDate "2018.??.??"]
[EventType "blitz"]

1. e4 e5 2. Nf3 Nc6 3. c3 Nf6 4. d4 Nxe4 5. d5 Nb8 6. Nxe5 Bc5 7. Nd3 O-O 8.
Nxc5 Nxc5 9. Be3 Re8 10. Be2 Ne4 11. O-O d6 12. Bd3 Nd7 13. Qc2 Ndf6 14. c4 Bf5
15. Re1 Bg6 16. b4 Ng4 17. f3 Nxe3 18. Rxe3 Ng5 19. Rxe8+ Qxe8 20. Bxg6 Qe1# {
White checkmated} 0-1

[Event "FICS rated blitz game"]
[Site "FICS freechess.org"]
[Date "2018.01.07"]
[Round "?"]
[White "vavroch"]
[Black "EconomicJ"]
[Result "1-0"]
[WhiteElo "1667"]
[BlackElo "1683"]
[PlyCount "105"]
[EventDate "2018.??.??"]
[EventType "blitz"]

1. e4 e5 2. Nf3 Nc6 3. c3 f5 4. exf5 d5 5. Bb5 Bxf5 6. Nxe5 Qf6 7. Qe2 Nge7 8.
Nxc6 bxc6 9. Bxc6+ Qxc6 10. O-O O-O-O 11. d4 Ng6 12. Bg5 Re8 13. Qd2 Be7 14.
Be3 Be4 15. f3 Bxb1 16. Raxb1 Nh4 17. Bf2 g5 18. Rbe1 h5 19. Bxh4 gxh4 20. Qf4
Qg6 21. Re5 Rhg8 22. Rf2 h3 23. g3 Bd6 24. Rxe8+ Rxe8 25. Qd2 Bxg3 26. hxg3
Qxg3+ 27. Kf1 h4 28. a3 Rf8 29. Qe2 Rg8 30. Qe6+ Kb8 31. Qxd5 Qg1+ 32. Ke2 h2
33. Qb5+ Kc8 34. Qf5+ Kd8 35. Qd5+ Kc8 36. Qf5+ Kb7 37. Qb5+ Ka8 38. Qd5+ c6
39. Qxc6+ Kb8 40. Qb5+ Kc8 41. Qc5+ Kd7 42. Qd5+ Kc7 43. Qc5+ Kd7 44. Qd5+ Ke7
45. Qc5+ Kf7 46. Qf5+ Ke7 47. Qe5+ Kf8 48. Qd5 Kg7 49. Qc5 Kh7 50. Qd5 Kh8 51.
Qe5+ Rg7 52. Qd5 Kh7 53. Qe5 1-0

[Event "FICS rated standard game"]
[Site "FICS freechess.org"]
[Date "2018.01.07"]
[Round "?"]
[White "PickleRick"]
[Black "fjgold"]
[Result "0-1"]
[WhiteElo "1706"]
[BlackElo "1836"]
[PlyCount "124"]
[EventDate "2018.??.??"]

1. e4 e5 2. Nf3 Nc6 3. c3 Bc5 4. d3 Nge7 5. b4 Bd6 6. Bb2 Ng6 7. g3 O-O 8. h4
f5 9. h5 Nge7 10. Qb3+ Kh8 11. Ng5 Qe8 12. exf5 Rxf5 13. Ne4 Qf8 14. h6 g6 15.
Nbd2 Nd8 16. Nxd6 cxd6 17. Ne4 Nec6 18. O-O-O Ne6 19. Bh3 Rf3 20. Bxe6 dxe6 21.
Ng5 Rxf2 22. Nxe6 Bxe6 23. Qxe6 Rc8 24. c4 Nxb4 25. d4 Rc2+ 26. Kb1 R8xc4 27.
dxe5 Rxb2+ 28. Kxb2 Rc2+ 29. Kb3 Qf3+ 30. Kxb4 Rb2+ 31. Kc4 Qe4+ 32. Kc3 Qb4+
33. Kd3 Qa3+ 34. Ke4 Re2+ 35. Kf4 Qe3+ 36. Kg4 Qe4+ 37. Kh3 Qg2+ 38. Kg4 Re4+
39. Kg5 Qxg3+ 40. Kf6 Qf4+ 41. Ke7 Rxe5 42. Kxd6 Rxe6+ 43. Kxe6 Qf5+ 44. Ke7
Qg5+ 45. Kf7 b5 46. Rc1 Qf5+ 47. Ke7 a5 48. Rcf1 Qc5+ 49. Kd7 b4 50. Rc1 Qf5+
51. Kc6 a4 52. Rb1 b3 53. axb3 axb3 54. Ra1 Qe4+ 55. Kb5 Kg8 56. Rhe1 Qf5+ 57.
Kb4 Qf4+ 58. Kxb3 Qxh6 59. Re7 Qh3+ 60. Kc2 Qf5+ 61. Kb3 Qb5+ 62. Kc2 Qc5+ {
White resigns} 0-1

[Event "FICS rated blitz game"]
[Site "FICS freechess.org"]
[Date "2018.01.07"]
[Round "?"]
[White "mougly"]
[Black "FGFM"]
[Result "1-0"]
[WhiteElo "1355"]
[BlackElo "1303"]
[PlyCount "29"]
[EventDate "2018.??.??"]
[EventType "blitz"]

1. e4 e5 2. Nf3 Nc6 3. c3 f5 4. exf5 Nf6 5. Be2 d5 6. O-O e4 7. Ne1 Bxf5 8. d4
Bd6 9. Bg5 O-O 10. Nd2 h6 11. Bxf6 Qxf6 12. Nb3 Qg5 13. Nc5 Bh3 14. Nd7 Qxg2+
15. Nxg2 {Black resigns} 1-0